Statistics for Languages spoken in the soviet union 1989

Click here to take the quiz!

General Stats

  • This quiz has been taken 269 times
  • The average score is 17 of 23

Answer Stats

AnswerNumber% Correct
Russian1
100%
Ukrainian2
96%
Kazakh5
94%
Estonian15
93%
Georgian6
93%
Latvian10
93%
Lithuanian8
93%
Armenian13
92%
Uzbek4
92%
Belarusian3
91%
Tajik12
90%
Turkmen14
90%
Kyrgyz11
86%
Polish19
77%
Moldovan9
72%
German17
69%
Azeri7
67%
Finnish21
66%
Korean18
55%
Yiddish22
34%
Karelian20
32%
Romany23
6%
Livonian16
4%

Score Distribution

Percentile by Number Answered

Percent of People with Each Score

Your Score History

You have not taken this quiz